000 01253nam0a22003011 4500
001 rc\2132068
005 20110829172233.4
035 _a(NLR Aleph) 006699919
090 _a5233436
_c5233436
100 _a20110829d1979 |||y0rusy50 ca
101 1 _arus
_ceng
102 _aRU
105 _aa z |||a|
200 1 _aЖизнь и удивительные приключения Робинзона Крузо...
_e[Роман
_eДля сред. шк. возраста]
_fДаниэль Дефо
_g[Пер. с англ. М.А. Шишмаревой
_gПослесл. Е.В. Корниловой
_gИл. Ж. Гранвиля]
210 _aСвердловск
_cСред.-Урал. кн. изд-во
_d1979
215 _a318 с.
_cил.
_d20
516 0 _aПриключения Робинзона Крузо
606 _aПриключенческие романы и рассказы (д. л.)
_2psbo
700 1 _aДефо
_bД.
_fок. 1660-1731
_gДаниель
702 1 _aГранвиль
_bЖ.
_4440
702 1 _aКорнилова
_bЕ. В.
_4080
702 1 _aШишмарева
_bМ. А.
_4730
801 0 _aRU
_bNLR
_gpsbo
801 1 _aRU
_bELAR
_2rusmarc
852 _aNLR
_j79-3/8287
899 _aRuMoRGB
_jM 79-10/586
942 _cBOOK
980 _aNB